000 00839nam a22002177a 4500
003 LK-CoMWRAF
005 20240120153105.0
008 240120b2006 |||||||| |||| 00| 0 eng d
020 _a9780713999389
040 _aLK-CoMWRAF
_dLK-CoMWRAF
_eLK-CoMWRAF
041 _aeng
082 _a303.6
_bSEN
100 _aSen, Amartya
245 _aIdentity and violence :
_bthe illusion of destiny
260 _aLondon:
_bAllen Lane,
_c2006
300 _a xx, 215 p. ; 22 cm.
_bIndex included
520 _aAmartya Sen argues that most of the conflicts in the contemporary world arise from individuals' notions of who they are, and which groups they belong to - local, national, religious - which define themselves in opposition to others
650 _aIdentity (Philosophical concept)
650 _aViolence- Religious aspects
942 _cBK
999 _c4660
_d4660